000 00617nam a2200169Ia 4500
008 090711s9999 xx 000 0 und d
082 _b67051
100 _aजोंधळे महावीर
245 _aनाल नसलेल्या घोडयाSाा मालक
260 _c1991
300 _a100
600 _aजोंधळे महावीर
630 _aनाल नसलेल्या घोडयाSाा मालक
700 _aजोंधळे महावीर
730 _aनाल नसलेल्या घोडयाSाा मालक
942 _cBOOK
999 _c310930
_d310930